Kurt Angle's career pro wrestling matches - Statistics

General Stats
  • This quiz has been taken 428 times
    265 since last reset
  • The average score is 62 of 131
Answer Stats
Answer % Correct
The Undertaker
97%
Brock Lesnar
95%
Kane
95%
Randy Orton
95%
The Rock
95%
Triple H
95%
Edge
93%
Eddie Guerrero
92%
A.J. Styles
91%
Chris Benoit
91%
"Stone Cold" Steve Austin
91%
Booker T
90%
John Cena
89%
Chavo Guerrero Jr.
88%
Chris Jericho
88%
Ric Flair
88%
Samoa Joe
88%
The Big Show
88%
Jeff Hardy
87%
Matt Hardy
87%
Hulk Hogan
86%
Batista
85%
Shawn Michaels
84%
Shane McMahon
83%
Sting
83%
Vince McMahon
83%
Bubba Ray Dudley
82%
John Bradshaw Layfield
82%
Rey Mysterio
82%
Rob Van Dam
82%
Jeff Jarrett
78%
Mark Henry
78%
Mick Foley
78%
Rikishi
78%
Baron Corbin
76%
Kevin Nash
76%
Shelton Benjamin
76%
Billy Gunn
74%
James Storm
74%
Charlie Haas
72%
Lance Storm
71%
Test
71%
Tazz
70%
Abyss
69%
Bobby Lashley
67%
Bobby Roode
67%
Christopher Daniels
67%
William Regal
67%
Rhyno
65%
Cody Rhodes
63%
Scott Steiner
63%
Owen Hart
60%
D'Lo Brown
59%
Val Venis
57%
Christian Cage
56%
Mr. Anderson
56%
Sabu
55%
Crash Holly
54%
Hardcore Holly
54%
Matt Morgan
54%
The Godfather
51%
Drew McIntyre
50%
Steve Blackman
50%
Jay Lethal
47%
Perry Saturn
46%
Eric Young
43%
Eugene
43%
Stevie Richards
43%
Viscera
41%
Dolph Ziggler
40%
Shawn Stasiak
39%
Kazarian
37%
Gangrel
36%
Nathan Jones
36%
Tomko
36%
Magnus
35%
Austin Aries
34%
"Diamond" Dallas Page
33%
MVP
33%
Shinsuke Nakamura
32%
Ethan Carter III
31%
Sho Funaki
30%
Alberto El Patron
29%
Chad Gable
29%
Hernandez
29%
Scotty 2 Hotty
29%
Brian Kendrick
25%
Desmond Wolfe
25%
Justin Credible
25%
Kanyon
25%
Garrett Bischoff
24%
Apollo Crews
22%
Daniel Puder
22%
Daivari
21%
Mideon
21%
D-Von
20%
Hiroshi Tanahashi
20%
Nunzio
20%
Amazing Red
16%
Doc Gallows
16%
Jinder Mahal
16%
Marty Jannetty
16%
Terry Taylor
16%
Wes Brisco
16%
Rob Terry
15%
Tiger Ali Singh
15%
D'Angelo Dinero
13%
Brian Christopher
12%
Essa Rios
12%
Maverick Matt
12%
Rob Conway
12%
Sgt. Slaughter
12%
Taka Michinoku
12%
Chaz
9%
Crimson
9%
Joey Abs
9%
Robbie E
9%
Roderick Strong
9%
Matt Striker
8%
Zack Sabre Jr.
8%
The Brooklyn Brawler
7%
Giant Bernard
5%
Rockstar Spud
5%
Ace Darling
3%
Kendo Kashin
2%
Danny Doring
1%
Tom Prichard
1%
Vic Grimes
1%
Julio Sanchez
0%
Tony Falk
0%
Wolfie D
0%
No matching quizzes found
Score Distribution
Percent of People with Each Score
Percentile by Number Answered
Your Score History
You have not taken this quiz since the last reset